Estaba la rana / (Registro nro. 60815)

Detalles MARC
000 -CABECERA
Longitud fija campo de control 01813nam a2200397 i 4500
003 - • IDENTIFICADOR DELl NÚMERO DE CONTROL
Identificador del número de control CO-BoRNBP
005 - • FECHA Y HORA DE LA ÚLTIMA TRANSACCIÓN
Fecha y hora de la última transacción 20260318205229.0
007 - • CAMPO FIJO DE DESCRIPCIÓN FÍSICA
Campo fijo de descripción física ta
008 - • CÓDIGOS DE INFORMACIÓN DE LONGITUD FIJA
Códigos de información de longitud fija 210826r20182015sp a br 000 p spa d
020 ## - • NÚMERO INTERNACIONAL NORMALIZADO PARA LIBROS
Número Internacional Normalizado para Libros (ISBN) 9788494405051
040 ## - FUENTE DE LA CATALOGACIÓN
Centro catalogador de origen CO-BoRNBP
Lengua de catalogación spa
Normas de descripción rda
Centro transcriptor CO-BoRNBP
041 0# - • CÓDIGO DE LENGUA
Código de lengua del texto/banda sonora o título independiente spa
043 ## - CÓDIGO DE ÁREA GEOGRÁFICA
Código de área geográfica s-ve---
084 ## - • Clasificación Local Alfanúmerica PNLB
Número de clasificación P
245 00 - • TITULO PROPIAMENTE DICHO
Título Estaba la rana /
Mención de responsabilidad, etc. ilustrado por Ramón París ; edición de María Cecilia Silva Diaz.
250 ## - • MENCIÓN DE EDICIÓN
Mención de edición Primera edición.
Resto de la mención de edición Segunda reimpresión
264 #1 - PRODUCCIÓN, PUBLICACIÓN , DISTRIBUCIÓN, FABRICACIÓN Y COPYRIGHT
Lugar de producción, publicación, distribución, fabricación Barcelona, España :
Nombre del productor, editor, distribuidor, fabricante Edicitorial Ekaré,
Fecha de de producción, publicación, distribución, fabricación o copyright 2015,
-- 2018.
300 ## - • DESCRIPCIÓN FÍSICA
Extensión 22 páginas sin numerar :
Otras características físicas ilustraciones a color ;
Dimensiones 22 cm.
336 ## - TIPO DE CONTENIDO
Término de tipo de contenido texto
Código de tipo de contenido txt
Fuente rdacontent
337 ## - TIPO DE MEDIO
Nombre del tipo de medio sin mediación
Código del tipo de medio n
Fuente rdamedia
338 ## - TIPO DE SOPORTE
Nombre del tipo de soporte volumen
Código del tipo de soporte nc
Fuente rdacarrier
490 0# - • MENCIÓN DE SERIE
Mención de serie Clave de Sol
500 ## - • NOTA GENERAL
Nota general El material correspondiente a la dotación PNLB 2022, corresponde a la segunda reimpresión de 2018.
500 ## - • NOTA GENERAL
Nota general Incluye letra y partitura.
520 1# - • NOTA DE RESUMEN
Resumen, etc, “Estaba la rana cantando «Debajo del agua» ¡AGUA!; cuando la rana se puso a cantar, vino la mosca y la hizo callar”. En este nuevo libro de la colección Clave de sol, el ilustrador Ramón París recrea a ritmo de jazz una conocida canción popular. Se abre el telón, los focos se encienden. ¡El espectáculo está a punto de comenzar! (Tomado de la fuente).
521 1# - • NOTA DE PÚBLICO DESTINATARIO
Nota público destinatario (R ) Recomendado para un público infantil mayor de 6 años.
650 17 - • PUNTO DE ACCESO ADICIONAL DE MATERIA - TÉRMINO DE MATERIA
Término de materia o nombre geográfico como elemento inicial Poesía infantil venezolana
Fuente del encabezamiento o término rnbp
650 17 - • PUNTO DE ACCESO ADICIONAL DE MATERIA - TÉRMINO DE MATERIA
Término de materia o nombre geográfico como elemento inicial Literatura infantil venezolana
Fuente del encabezamiento o término rnbp
650 17 - • PUNTO DE ACCESO ADICIONAL DE MATERIA - TÉRMINO DE MATERIA
Término de materia o nombre geográfico como elemento inicial Canciones infantiles en la literatura
Fuente del encabezamiento o término rnbp
650 17 - • PUNTO DE ACCESO ADICIONAL DE MATERIA - TÉRMINO DE MATERIA
Término de materia o nombre geográfico como elemento inicial Juegos infantiles
Fuente del encabezamiento o término lemb
650 17 - • PUNTO DE ACCESO ADICIONAL DE MATERIA - TÉRMINO DE MATERIA
Término de materia o nombre geográfico como elemento inicial Rondas infantiles
Fuente del encabezamiento o término lemb
700 1# - • PUNTO DE ACCESO ADICIONAL - NOMBRE DE PERSONA
Nombre de persona París, Ramón,
Fechas asociadas al nombre 1969- ,
Término indicativo de función ill
700 1# - • PUNTO DE ACCESO ADICIONAL - NOMBRE DE PERSONA
Nombre de persona Silva-Díaz, María Cecilia,
Término indicativo de función edt
942 ## - ENTRADA DE ELEMENTOS AGREGADOS (KOHA)
Fuente de clasificaión o esquema
Koha [por defecto] tipo de item Literatura Infantil
Suppress in OPAC 0
Existencias
Perdido Fuente de clasificación o esquema Estado Físico No para préstamo Localización permanente Localización actual Fecha adquisición Préstamos totales Signatura completa Código de barras Fecha última consulta Número de copia Fecha del precio de reemplazo Tipo de item de Koha
  Dewey Decimal Classification     Biblioteca Pública Medellin del Ariari - El Castillo Biblioteca Pública Medellin del Ariari - El Castillo 03/18/2026   P MDA100204 03/18/2026 Ej.1 03/18/2026 Literatura Infantil









Instituto Departamental de Cultura del Meta - Red Departamental de Bibliotecas Públicas del Meta.